00706nam a2200241 a 4500001001300000003000900013005001700022008004100039020002300080082001300103100002500116245002400141260003000165300001000195500003500205505002400240650002700264700002500291902000800316942000700324952011600331999001700447nice12345678IN_TiNIC20260116015014.0050524s1984 kena grp 000 0 eng  a0903843 c10000a201bGOL aGoldsmith, Elizabeth aGod Can Be Trusted. aKentbBromley Booksc1984 a202p. aincludes index and biblioraphy2 aBibliography, Index aPhilosophical-Theology1 aGoldsmith, Elizabeth bSRS cBK 001040708StackRoom-aHMIbHMId2008-05-07g100.00l0o201 GOLp11000976r2008-05-07v100.00w2005-05-24yBK c17929d17929